00620nam a2200193 i 4500001000400000100003500004245005300039260005500092300003500147505002000182600003000202650001100232655001600243655001200259040000800271041000800279008004100287856009800328bgj1 aHOWARD, Leslie Ruthd(1924- ).10aA Quite Remarkable Father /cLeslie Ruth Howard. aNew York :bHarcourt, Brace and Company,cc. 1959. aXI, 307 pp :bphotos ;c21 cm. aIncludes index.19aHOWARD, Leslie, 1893-1943 9aActors aBiographies aStudies cBPK0 aeng s uk f |000 0 eng  uhttp://koha.tu.koszalin.pl/cgi-bin/koha/opac-detail.pl?biblionumber=48628yKatalog online BPK